Szczegóły MARC21

Przewóz towarów niebezpiecznych : poradnik kierowcy /

005 -DATA I CZAS OSTATNIEJ MODYFIKACJI [,]
    • @
    • pole kontrolne
    • 20100726130046.0
020 -Międzynarod. znormalizowany nr książki - ISBN [ , ]
    • a
    • Numer ISBN
    • 9788320617399 Find
040 -Instytucja sporządzająca opis [ , ]
    • a
    • Instytucja, która sporządziła opis (NP)
    • SZCZ U/BK
    • c
    • Instytucja, która sporządziła rekord (NP)
    • SZCZ U/KLR
    • d
    • Instytucja, która zmodyfikowała rekord (P)
    • SZCZ U/JŚ
041 -Język dokumentu [0, ]
    • a
    • Język tekstu (P)
    • polski
044 -Kraj miejsca wydania [ , ]
    • a
    • Kraj miejsca wydania
    • Polska
942 -Rodzaj dokumentu [ , ]
    • c
    • Rodzaj dokumentu
    • Książka
100 -Hasło główne - nazwa osobowa [1, ]
    • 9
    • KHW
    • 15655
    • a
    • Nazwa osobowa (NP)
    • Pusty, Tadeusz.
245 -Strefa tytułu i oznaczenia odpowiedzialności [1,0]
    • a
    • Tytuł
    • Przewóz towarów niebezpiecznych : Find
    • c
    • Pozostałe elementy strefy tytułu i oznaczenia odpowiedzialności (NP)
    • Tadeusz Pusty.
    • b
    • Ciąg dalszy tytułu (NP)
    • poradnik kierowcy / Find
260 -Strefa adresu wydawniczego [ , ]
    • c
    • Data wydania (P)
    • cop. 2009.
    • a
    • Miejsce wydania (P)
    • Warszawa :
    • b
    • Nazwa wydawcy (P)
    • Wydawnictwa Komunikacji i Łączności,
300 -Strefa opisu fizycznego [ , ]
    • a
    • Określenie formy książki i/lub objętość (NP)
    • 815 s. :
    • b
    • Oznaczenie ilustracji (NP)
    • il. ;
    • c
    • Format (NP)
    • 21 cm.
080 -Uniwersalna Klasyfikacja Dziesiętna [ , ]
    • 2
    • Identyfikator wydania tablic
    • UDC-P058
    • 9
    • UKD
    • 5542
    • a
    • Symbol klasyfikacji
    • 656.073.436
    • b
    • Dopowiedzenie
    • Transport materiałów niebezpiecznych.
    • 4
    • UKD2
    • 7642
    • x
    • Poddział wspólny
    • (438)
    • c
    • Dopowiedzenie poddz. wspólnego
    • (Polska).
080 -Uniwersalna Klasyfikacja Dziesiętna [ , ]
    • 2
    • Identyfikator wydania tablic
    • UDC-P058
    • 9
    • UKD
    • 5166
    • a
    • Symbol klasyfikacji
    • 628.5
    • b
    • Dopowiedzenie
    • Ochrona sanitarna w przemyśle. Ochrona przed szkodliwym działaniem przemysłu. Urządzenia techniczne. Ochrona przed pyłami, trującymi wyziewami, dymem, bakteriami, wysoką temperaturą itp..
    • 4
    • UKD2
    • 7642
    • x
    • Poddział wspólny
    • (438)
    • c
    • Dopowiedzenie poddz. wspólnego
    • (Polska).
080 -Uniwersalna Klasyfikacja Dziesiętna [ , ]
    • 2
    • Identyfikator wydania tablic
    • UDC-P058
    • 9
    • UKD
    • 3646
    • a
    • Symbol klasyfikacji
    • 351.811.122
    • b
    • Dopowiedzenie
    • Przepisy dotyczące ruchu drogowego. Prawo drogowe.
    • 4
    • UKD2
    • 7642
    • x
    • Poddział wspólny
    • (438)
    • c
    • Dopowiedzenie poddz. wspólnego
    • (Polska).
980 -Symbol UKD [ , ]
    • a
    • UKD
    • 656.073.436:628.5:351.811.122](438)
920 -ISBN [ , ]
    • a
    • ISBN
    • 978-83-206-1739-9 Find
Lokalizacja Data inwentaryzacji Status udost. Numer inwentarzowy Sygnatura
T2010-06-23-2T.10966 
T2014-10-13-2TM.11515TM.11515